Guess the band from the song - Statistics

General Stats
  • This quiz has been taken 39 times
    16 since last reset
  • The average score is 59 of 288
Answer Stats
Most known song Answer % Correct
Creep Radiohead
89%
Back in black ACDC
78%
Livin' on a prayer Bon Jovi
78%
Everlong Foo Fighters
78%
Break stuff Limp Bizkit
78%
Smells like teen spirit Nirvana
78%
Bohemian Rhapsody Queen
78%
Black hole sun Soundgarden
78%
My own summer (shove it) Deftones
67%
Hotel california Eagles
67%
Sweet child o' mine Guns n' roses
67%
Freak on a leash Korn
67%
In the end Linkin Park
67%
Californication Red Hot Chili Peppers
67%
Paint it black Rolling Stones
67%
Chop suey! System of a Down
67%
Here comes the sun The Beatles
67%
Every breath you take The Police
67%
Dream on Aerosmith
56%
Would? Alice in Chains
56%
Do i wanna know Arctic Monkeys
56%
Like a stone Audioslave
56%
Down with the sickness Disturbed
56%
Feel good inc. Gorillaz
56%
Don't stop believin' Journey
56%
Stairway to heaven Led Zeppelin
56%
Enter sandman Metallica
56%
Wonderwall Oasis
56%
Crazy train Ozzy Osbourne
56%
Purple rain Prince
56%
Duality Slipknot
56%
Everybody wants to rule the world Tears For Fears
56%
House of the rising sun The Animals
56%
Zombie The Cranberries
56%
Boys don't cry The Cure
56%
The kids aren't alright The Offspring
56%
There is a light that never goes out The Smiths
56%
This is the day The The
56%
Seven nation army The White Stripes
56%
Buddy holly Weezer
56%
Poison Alice Cooper
44%
Horse with no name America
44%
Paranoid Black Sabbath
44%
(Dont) Fear the reaper Blue Öyster Cult
44%
Song 2 Blur
44%
Viva la vida Coldplay
44%
Smoke on the water Deep purple
44%
Pour some sugar on me Def Leppard
44%
Layla Derek and the Dominos
44%
Come on eileen Dexy's Midnight Runners
44%
Rocket man Elton John
44%
Can't help falling in love Elvis Presley
44%
The final countdown Europe
44%
Sweet dreams (are made of these) Eurythmics
44%
Dreams Fleetwood Mac
44%
Basket case Green Day
44%
Run to the hills Iron Maiden
44%
Breaking the law Judas Priest
44%
Kickstart my heart Mötley Crue
44%
Fire in the brain OZ
44%
Cowboys from hell Pantera
44%
Even flow Pearl Jam
44%
Another brick in the wall pt 2 Pink Floyd
44%
Where is my mind? Pixies
44%
Sonne Rammstein
44%
Blitzkrieg bop Ramones
44%
Dragula Rob Zombie
44%
1979 The Smashing Pumpkins
44%
Africa TOTO
44%
We're not gonna take it Twisted Sister
44%
Teenage dirtbag Wheatus
44%
La grange ZZ Top
44%
Eyes without a face Billy Idol
33%
Uptown girl Billy Joel
33%
All the small things Blink-182
33%
Johnny b goode Chuck Berry
33%
(I just) Died in your arms Cutting Crew
33%
Voice of the soul Death
33%
Enjoy the silence Depeche Mode
33%
Holy diver Dio
33%
Money for nothing Dire Straits
33%
September Earth, Wind, Fire
33%
Mary on a cross Ghost
33%
I love rock n' roll Joan Jett and The Blackhearts
33%
Sweet home alabama Lynyrd Skynyrd
33%
Ace of spades Motörhead
33%
Teenagers My Chemical Romance
33%
Every rose has its thorn Poison
33%
Still loving you Scorpions
33%
Anarchy in the UK Sex Pistols
33%
Monster Skillet
33%
All star Smash Mouth
33%
Lovefool The Cardigans
33%
London Calling The Clash
33%
Riders on the storm The Doors
33%
California dreamin' The Mamas and the Papas
33%
Baba o' riley The Who
33%
With or without you U2
33%
Ain't talking bout' love Van Halen
33%
Cherry pie Warrant
33%
Balls to the wall Accept
22%
Dear maria count me in All Time Low
22%
Madhouse Anthrax
22%
Hail to the king Avenged Sevenfold
22%
Gimme chocolate! BABYMETAL
22%
In the end Black Veil Brides
22%
Can you feel my heart Bring Me The Horizon
22%
One last breath Creed
22%
Up around the band Creedence Clearwater Revival
22%
Mother Danzig
22%
Invisible touch Genesis
22%
Locomotive breath Jethro Tull
22%
All along the watchtower Jimi Hendrix
22%
I was made for loving you Kiss
22%
Beggin' Måneskin
22%
Beautiful people Marilyn Manson
22%
Freezing moon Mayhem
22%
Symphony of destruction Megadeth
22%
Down under Men At Work
22%
Hysteria Muse
22%
Closer Nine Inch Nails
22%
Sussudio Phil Collins
22%
Glory box Portishead
22%
Silent lucidity Queensryche
22%
Maria maria Santana
22%
Angel of death Slayer
22%
Animal I have become Three Days Grace
22%
I Don't wanna be me Type O Negative
22%
Thunder kiss 65' White Zombie
22%
Necromancy Bathory
11%
Tears don't fall Bullet For My Valentine
11%
Hammer-smashed face Cannibal Corpse
11%
If you leave me now Chicago
11%
Nobody's fool Cinderella
11%
Transilvanian hunger Darkthrone
11%
The toxic waltz Exodus
11%
Join me (in death) HIM
11%
Hip to be square Huey Lewis and The News
11%
Tyrants Immortal
11%
Lover, you should've come over Jeff Buckley
11%
Laid to rest Lamb of God
11%
Is it really you? Loathe
11%
Mississippi queen Mountain
11%
When you sleep My Bloody Valentine
11%
D>E>A>T>H M>E>T>A>L Panchiko
11%
KUCHUU BURANKO Plastic Tree
11%
Man on the silver mountain Rainbow
11%
Roots bloody roots Sepultura
11%
When the sun hits Slowdive
11%
It's been awhile Staind
11%
Rock this town Stray Cats
11%
Youngest daughter Superheaven
11%
The formation of damnation Testament
11%
Dirty little secret The All-American Rejects
11%
The weight The Band
11%
I Wanna be somebody WASP
11%
Ocean man Ween
11%
Vaudeville's revenge 96 Bitter Beings
0%
Winter bane Abbath
0%
Cheap vodka Acid Bath
0%
Suomirokkia Aknestik
0%
Kodama Alcest
0%
Silver bride Amorphis
0%
Alison hell Annihilator
0%
Lokin päällä lokki Apulanta
0%
The breeze of grief Arthemesia
0%
Aurinkoon Atomirotta
0%
Thirteen or nothing Backyard babies
0%
Baby blue Badfinger
0%
Deadsong Before The Dawn
0%
Wolves ov siberia Behemoth
0%
Blitzkrieg Blitzkrieg
0%
Misanthrop Blod Besvimelse
0%
Cut throat Bulldozer
0%
Dunkelheit Burzum
0%
Corrosive delirium Cadaver
0%
Bewitched Candlemass
0%
Colder Charon
0%
Are you dead yet? Children of Bodom
0%
96 Quite Bitter Beings CKY
0%
Twilight Cliche
0%
Jagd auf israel Corneus
0%
Dangerous Deep Insight
0%
Infectious hospital waste Demolition Hammer
0%
Curse of gods Destructor
0%
Am i evil Diamond Head
0%
Levoton tuhkimo Dingo
0%
Where dead angels lie Dissection
0%
Through the fire and the flames Dragonforce
0%
Pull me under Dream Theater
0%
Heading for the door Duster
0%
Matkustaja Egotrippi
0%
I am the black wizards Emperor
0%
Impacto Enjambre
0%
In my sword i trust Ensiferum
0%
Closer (my love) Entwine
0%
Tahroja paperilla Eppu Normaali
0%
Megadextria Foreign Objects
0%
Autumn harmony For My Pain...
0%
Words F.R. David
0%
Race with the devil Girlschool
0%
Kunnia, armageddon! Goatmoon
0%
Krätze Grausamkeit
0%
Beibi Haloo Helsinki!
0%
Up around the bend Hanoi Rocks
0%
Screams in the night Hellion
0%
Nocturnal pulver Heroin Makes Happy
0%
Summer's gone Honeydip
0%
Kuoleva lupaus Horna
0%
Drive Incubus
0%
Only for the weak In Flames
0%
Love song Jack Off Jill
0%
High Jimmie's Chicken Shack
0%
Mennyt mies J. Karjalainen
0%
Swordsman Kekht Aräkh
0%
Give me your soul King Diamond
0%
Pienen pojan elämää Klamydia
0%
Ievan polkka Korpiklaani
0%
Satan is real Kreator
0%
Teuvo, maanteiden kuningas Leevi And The Leavings
0%
Ms salmonella Lifelover
0%
Shinzou wo sasageyo Linked Horizon
0%
Hard rock hallelujah Lordi
0%
To the hellfire Lorna Shore
0%
Starting over LSD and the Search for God
0%
Is there anybody out there Machine Head
0%
Coronation of our domain Malevolent Creation
0%
Rich little bitch Melrose
0%
Shut me up Mindless Self Indulgence
0%
Dig up her bones Misfits
0%
Dominate | Immortal rites Morbid Angel
0%
Sadistic magician Municipal Waste
0%
In my heaven Negative
0%
Pop musiikkia Neljä Baritonia
0%
Juppihippipunkkari Neljä Ruusua
0%
The world NIGHTMARE
0%
Amaranth Nightwish
0%
Beautiful world Parannoul
0%
Wartime Pentagram
0%
With her i die Poisonblack
0%
Kuuma kesä Popeda
0%
Beast in the night Randy
0%
Tulkoon joulu Raskasta Joulua
0%
Cross me fool Razor
0%
Dead without you Reflexion
0%
Digital bliss Rotten Sound
0%
Resist and bite Sabaton
0%
Satanic black devotion Sargeist
0%
Trial by fire Satan
0%
Bafomet SATANIC WARMASTER
0%
Killing me killing you Sentenced
0%
Peltirumpu Sielun Veljet
0%
Fallen Sinamore
0%
Temple of love Sisters of Mercy
0%
Whats your pleasure? Slammer
0%
Agent orange Sodom
0%
Nerve Soilwork
0%
Scent of death Solitude Aeturnus
0%
Fullmoon Sonata Arctica
0%
Kuudet raamit Stam1na
0%
Hollywood hills Sunrise Avenue
0%
Pyre of gods Tarot
0%
Swords of a thousand men Tenpole Tudor
0%
Taivas lyö tulta Teräsbetoni
0%
Lost Boys The 69 Eyes
0%
Apossibly The Apex Theory
0%
I love rock n' roll The Arrows
0%
Sex beat The Gun Club
0%
Untouched The Local Band
0%
In the heat of the night To Die For
0%
Via dolorosa Tommi Läntinen
0%
Termination shock Traveler
0%
Ensomhet ll Trollheim
0%
Rakkautta ja piikkilankaa Uniklubi
0%
Lady in black Uriah Heep
0%
The glory of eternal night Vargrav
0%
Manic man Venator
0%
All we are Warlock
0%
Virtus tenebris Warmoon Lord
0%
The promise When in rome
0%
Burning atlanta Whiplash
0%
Beyond the dark sun Wintersun
0%
Heavy drinker Witchtrap
0%
Blindly they follow Wombbath
0%
Aeons of sorrow Ymir
0%
Todella kaunis Zen Cafe
0%
No matching quizzes found
Score Distribution
Percent of People with Each Score
Percentile by Number Answered
Your Score History
You have not taken this quiz since the last reset